| Поле | Название | Значение |
| |
Тип записи |
a |
| |
Библиографический уровень |
c |
| 001 |
Контрольный номер |
a04108ac494846f3945008f72cc8d027 |
| 005 |
Дата корректировки |
20241126094205.8 |
| 010 |
Индекс ISBN |
__ |
| a |
ISBN |
978-5-93898-598-8 |
| 9 |
Тираж |
700 экз. |
| b |
Уточнения |
в пер. |
| d |
Цена |
8900-00 |
| 100 |
Данные общей обработки |
__ |
| a |
Данные общей обработки |
20240819d2017 m y0rusy028902 ca |
| 101 |
Язык документа |
0_ |
| a |
Язык текста |
rus |
| 102 |
Страна публикации |
__ |
| a |
Страна публикации |
RU |
| 105 |
Кодированные данные (монография) |
__ |
| a |
Кодированные данные (монография) |
a z 000ay |
| 181 |
Поле кодированных данных: вид содержания |
_0 |
| a |
Код вида содержания (ISBD) |
i |
| 182 |
Поле кодированных данных: тип средства |
_0 |
| a |
Код типа средства (ISBD) |
n |
| 200 |
Заглавие и сведения об ответственности |
1_ |
| a |
Заглавие |
Причудница |
| e |
Сведения, относящиеся к заглавию |
русские стихотворные сказки конца XVIII - начала XX века |
| f |
Первые сведения об ответственности |
составление, послесловие и комментарии В. Б. Муравьева |
| g |
Последующие сведения об ответственности |
226 иллюстраций Юрия Ващенко |
| 203 |
Вид содержания и тип средства |
__ |
| a |
Вид содержания |
Текст |
| c |
Тип средства |
непосредственный |
| 210 |
Выходные данные |
1_ |
| a |
Место издания |
Санкт-Петербург |
| c |
Издательство |
Вита Нова |
| d |
Дата издания |
2017 |
| 215 |
Физическое описание |
__ |
| a |
Объем |
449, [5] с. |
| c |
Иллюстрации/тип воспроизводства |
цв. ил. |
| d |
Формат |
25 см |
| 225 |
Серия |
1_ |
| a |
Серия |
Фамильная библиотека |
| i |
Наименование части |
Волшебный зал |
| 225 |
Серия |
2_ |
| a |
Серия |
Сказки русских писателей |
| 320 |
Библиография |
__ |
| a |
Библиография |
Другие книги серии в конце книги |
| 330 |
Аннотация |
__ |
| a |
Аннотация |
В сборнике представлены русские литературные стихотворные сказки конца XVIII - начала XX века. К этому жанру обращались такие выдающиеся поэты, как А. С. Пушкин, В. А. Жуковский, Н. А. Некрасов, Н. М. Карамзин, М. Горький и др. Поучительные, проникнутые тонким юмором, наивные и романтические, а порой остросоциальные и злободневные, сказки на языке поэзии рассказывают о могучих русских богатырях и девицах-красавицах, о подвигах, о волшебных силах, о торжестве любви и правды. |
| 464 |
Аналитический уровень |
_0 |
| 1 |
|
2001 |
| a |
|
Душенька |
| e |
|
древняя повесть в вольных стихах |
| f |
|
И. Ф. Богданович |
| 1 |
|
700 1 |
| a |
|
Богданович |
| b |
|
И. Ф. |
| g |
|
Ипполит Федорович |
| 4 |
|
070 |
| 464 |
Аналитический уровень |
_0 |
| 1 |
|
2001 |
| a |
|
Илья Муромец |
| f |
|
Н. М. Карамзин |
| e |
|
богатырская сказка |
| 1 |
|
700 1 |
| a |
|
Карамзин |
| b |
|
Н. М. |
| g |
|
Николай Михайлович |
| 4 |
|
070 |
| 464 |
Аналитический уровень |
_0 |
| 1 |
|
2001 |
| a |
|
Полим и Сияна |
| e |
|
новгородская баснь |
| f |
|
А. Х. Востоков |
| 1 |
|
700 1 |
| a |
|
Востоков |
| b |
|
А. Х. |
| g |
|
Александр Христофорович |
| 4 |
|
070 |
| 464 |
Аналитический уровень |
_0 |
| 1 |
|
2001 |
| a |
|
Иман-козел |
| e |
|
|
| f |
|
А. И. Полежаев |
| 1 |
|
700 1 |
| a |
|
Полежаев |
| b |
|
А. И. |
| g |
|
Александр Иванович |
| 4 |
|
070 |
| 464 |
Аналитический уровень |
_0 |
| 1 |
|
2001 |
| a |
|
Переселение душ |
| f |
|
Е. А. Баратынский |
| 1 |
|
700 1 |
| a |
|
Баратынский |
| b |
|
Е. А. |
| g |
|
Евгений Абрамович |
| 4 |
|
070 |
| 464 |
Аналитический уровень |
_0 |
| 1 |
|
2001 |
| a |
|
Княжна Милуша |
| f |
|
П. А. Катенин |
| e |
|
сказка |
| 1 |
|
700 1 |
| a |
|
Катенин |
| b |
|
П. А. |
| g |
|
Павел Александрович |
| 4 |
|
070 |
| 464 |
Аналитический уровень |
_0 |
| 1 |
|
2001 |
| a |
|
Сказка о царе Берендее, о сыне его Иване-царевиче, о хитростях Кощея Бессмертного и о премудрости Марьи-царевны, Кощеевой дочери |
| f |
|
В. А. Жуковский |
| 1 |
|
700 1 |
| a |
|
Жуковский |
| b |
|
В. А. |
| g |
|
Василий Андреевич |
| 4 |
|
070 |
| 464 |
Аналитический уровень |
_0 |
| 1 |
|
2001 |
| a |
|
Сказка о попе и о работнике его Балде |
| f |
|
А. С. Пушкин |
| 1 |
|
700 1 |
| a |
|
Пушкин |
| b |
|
А. С. |
| g |
|
Александр Сергеевич |
| 4 |
|
070 |
| 464 |
Аналитический уровень |
_0 |
| 1 |
|
2001 |
| a |
|
Сказка о царе Салтане, о сыне его славном и могучем богатыре князе Гвидоне Салтановиче и о прекрасной царевне Лебеди |
| f |
|
А. С. Пушкин |
| 1 |
|
700 1 |
| a |
|
Пушкин |
| b |
|
А. С. |
| g |
|
Александр Сергеевич |
| 4 |
|
070 |
| 464 |
Аналитический уровень |
_0 |
| 1 |
|
2001 |
| a |
|
Сказка о золотом петушке |
| f |
|
А. С. Пушкин |
| 1 |
|
700 1 |
| a |
|
Пушкин |
| b |
|
А. С. |
| g |
|
Александр Сергеевич |
| 4 |
|
070 |
| 464 |
Аналитический уровень |
_0 |
| 1 |
|
2001 |
| a |
|
Конек-горбунок |
| f |
|
П. П. Ершов |
| 1 |
|
700 1 |
| a |
|
Ершов |
| b |
|
П. П. |
| g |
|
Петр Павлович |
| 4 |
|
070 |
| 464 |
Аналитический уровень |
_0 |
| 1 |
|
2001 |
| a |
|
Сказка о том, как царь Елисей хотел женить сына на луне, взять в приданое небо и двинуть рать на солнце, как все это не удалось и как царь Пантелей поправил и кончил дело благополучно |
| f |
|
Н. А. Некрасов |
| 1 |
|
700 1 |
| a |
|
Некрасов |
| b |
|
Н. А. |
| g |
|
Николай Алексеевич |
| 4 |
|
070 |
| 464 |
Аналитический уровень |
_0 |
| 1 |
|
2001 |
| a |
|
Клад |
| e |
|
бабушкина сказка |
| f |
|
И. З. Суриков |
| 1 |
|
700 1 |
| a |
|
Суриков |
| b |
|
И. З. |
| g |
|
Иван Захарович |
| 4 |
|
070 |
| 464 |
Аналитический уровень |
_0 |
| 1 |
|
2001 |
| a |
|
Девушка и Смерть |
| e |
|
сказка |
| f |
|
М. Горький |
| 1 |
|
700 1 |
| a |
|
Горький |
| b |
|
М. |
| g |
|
Максим |
| 4 |
|
070 |
| 464 |
Аналитический уровень |
_0 |
| 1 |
|
2001 |
| a |
|
Конек-скакунок |
| f |
|
С. А. Басов-Верхоянцев |
| 1 |
|
700 1 |
| a |
|
Басов-Верхоянцев |
| b |
|
С. А. |
| g |
|
Сергей Александрович |
| 4 |
|
070 |
| 517 |
Другие варианты заглавия |
1_ |
| a |
Другие варианты заглавия |
русские стихотворные сказки конца 18 - начала 20 века |
| 540 |
Дополнительное заглавие, сделанное каталогизатором |
10 |
| a |
Дополнительное заглавие, сделанное каталогизатором |
Русские стихотворные сказки конца XVIII - начала XX века |
| 606 |
Тематические рубрики |
__ |
| 2 |
Код системы |
nlr_sh |
| a |
Основная рубрика |
Художественная литература |
| 606 |
Тематические рубрики |
__ |
| 2 |
Код системы |
nlr_sh |
| a |
Основная рубрика |
Русская литература в целом (произведения) |
| z |
Хронологическая подрубрика |
18 в. |
| z |
Хронологическая подрубрика |
19 в. |
| z |
Хронологическая подрубрика |
20 в. |
| 610 |
Ключевые слова |
0_ |
| a |
Ключевые слова |
русская литература |
| 610 |
Ключевые слова |
0_ |
| a |
Ключевые слова |
сказки |
| 610 |
Ключевые слова |
0_ |
| a |
Ключевые слова |
русские сказки |
| 610 |
Ключевые слова |
0_ |
| a |
Ключевые слова |
литературные сказки |
| 610 |
Ключевые слова |
0_ |
| a |
Ключевые слова |
фольклорные мотивы |
| 610 |
Ключевые слова |
0_ |
| a |
Ключевые слова |
стихотворные сказки |
| 610 |
Ключевые слова |
0_ |
| a |
Ключевые слова |
сказочные персонажи |
| 686 |
Индексы других классификаций |
__ |
| 2 |
Код системы |
rubbks |
| a |
Классификационный индекс |
84(2=411.2)-5 |
| 702 |
Вторичная интеллектуальная ответственность |
_1 |
| a |
Фамилия |
Муравьев |
| b |
Имя |
В. Б. |
| g |
Полное личное имя |
Владимир Брониславович |
| f |
Даты |
1928-2020 |
| 4 |
Код отношения |
220 |
| 4 |
Код отношения |
080 |
| 4 |
Код отношения |
210 |
| 702 |
Вторичная интеллектуальная ответственность |
_1 |
| a |
Фамилия |
Ващенко |
| b |
Имя |
Ю. А. |
| f |
Даты |
1941- |
| g |
Полное личное имя |
Юрий Арсеньевич |
| 4 |
Код отношения |
440 |
| 801 |
Источник записи |
_0 |
| a |
Страна |
RU |
| b |
Организация |
Муниципальное бюджетное учреждение культуры "Централизованная библиотечная система" г. Сургут (Центральная городская библиотека им. А. С. Пушкина) |
| c |
Дата составления |
20240819 |
| g |
Правила каталогизации |
PSBO |
| 801 |
Источник записи |
_1 |
| a |
Страна |
RU |
| b |
Организация |
Муниципальное бюджетное учреждение культуры "Централизованная библиотечная система" г. Сургут (Центральная городская библиотека им. А. С. Пушкина) |
| c |
Дата составления |
20240819 |
| g |
Правила каталогизации |
PSBO |
| 852 |
Данные о местонахождении |
__ |
| i |
Авторский знак |
П 77 |
| j |
Шифр хранения |
84(2=411.2)-5 |
| 900 |
Макрообъекты |
__ |
| a |
Макрообъекты |
Причудница, 2017 |
| 901 |
Тип документа |
__ |
| a |
Ответственный |
КиК/Обаева |
| t |
Тип документа |
x |
| 903 |
Характеристики (МАРС) |
__ |
| a |
Дата передачи |
20240819 |
| c |
Наименование библиотеки (МАРС) |
Муниципальное бюджетное учреждение культуры "Централизованная библиотечная система" г. Сургут (Центральная городская библиотека им. А. С. Пушкина) |
| 990 |
Данные о заказе (DOS) |
__ |
| j |
Количество экземпляров (DOS) |
1 |
| t |
N записи в КСУ для И/У (DOS) |
202410 |